Разделение жидких неоднородных систем. (Физико-химические и физико-механические основы): монография

Bibliografiske detaljer
Hovedforfatter: Бабенко С. А. Сергей Александрович
Institution som forfatter: Томский политехнический университет (ТПУ)
Andre forfattere: Семакина О. К. Ольга Константиновна, Майкова Л. К. Людмила Константиновна
Summary:Приведена характеристика жидких неоднородных систем - суспензий, эмульсий, пен. Рассмотрены состояние молекул воды вблизи гидрофобных и гидрофильных поверхностей и виды влаги в сыпучем материале. Освещены вопросы интенсификации процессов разделения суспензий и эмульсий физико-химическими, физико-механическими и электрическими методами. Изложены специальные методы разделения жидких и жидких неоднородных систем: мембранные, флотационные и агрегирование твердых частиц в жидкой среде; применение их в технологических процессах, а также для очистки природных и сточных вод. Описаны конструкции аппаратов и установок для осуществления этих процессов.Предназначена для научных работников, инженеров, аспирантов и студентов, занимающихся проблемами очистки промышленных сточных вод.
Sprog:russisk
Udgivet: Томск, Изд-во ТПУ, 2009
Fag:
Format: MixedMaterials Bog
KOHA link:https://koha.lib.tpu.ru/cgi-bin/koha/opac-detail.pl?biblionumber=163509

MARC

LEADER 00000nam0a2200000 4500
001 163509
005 20241220122827.0
010 |a 5982983756 
035 |a (RuTPU)RU\TPU\book\177406 
090 |a 163509 
100 |a 20090818d2009 k y0rusy50 ca 
101 0 |a rus 
102 |a RU 
105 |a a z 001zy 
200 1 |a Разделение жидких неоднородных систем. (Физико-химические и физико-механические основы)  |e монография  |f С. А. Бабенко, О. К. Семакина, Л. К. Майкова  |g Томский политехнический университет (ТПУ) 
210 |a Томск  |c Изд-во ТПУ  |d 2009 
215 |a 475 с.  |c ил. 
316 |5 63413507: 09-5420  |a На форзаце дарственная надпись: "Олегу Самигуловичу [Вадутову] с уважением 26.06.09 Бабенко, О. Семакин" 
320 |a Библиогр.: с. 439-472. 
330 |a Приведена характеристика жидких неоднородных систем - суспензий, эмульсий, пен. Рассмотрены состояние молекул воды вблизи гидрофобных и гидрофильных поверхностей и виды влаги в сыпучем материале. Освещены вопросы интенсификации процессов разделения суспензий и эмульсий физико-химическими, физико-механическими и электрическими методами. Изложены специальные методы разделения жидких и жидких неоднородных систем: мембранные, флотационные и агрегирование твердых частиц в жидкой среде; применение их в технологических процессах, а также для очистки природных и сточных вод. Описаны конструкции аппаратов и установок для осуществления этих процессов.Предназначена для научных работников, инженеров, аспирантов и студентов, занимающихся проблемами очистки промышленных сточных вод. 
606 1 |a Неоднородные системы,жидкие  |x Разделение  |2 stltpush  |3 (RuTPU)RU\TPU\subj\31621  |9 54430 
610 1 |a жидкие неоднородные системы 
610 1 |a характеристика 
610 1 |a разделение 
610 1 |a интенсификация 
610 1 |a суспензии 
610 1 |a эмульсии 
610 1 |a пены 
610 1 |a физико-химические воздействия 
610 1 |a физико-механические воздействия 
610 1 |a воздействия 
610 1 |a электрические методы 
610 1 |a мембранные методы 
610 1 |a жидкие среды 
610 1 |a взвешенные вещества 
610 1 |a растворенные вещества 
610 1 |a флотационное выделение 
610 1 |a твердые частицы 
610 1 |a выделение 
610 1 |a монографии 
610 1 |a труды учёных ТПУ 
610 1 |a дары автора 
610 1 |a дарственная надпись 
675 |a 66.066  |v 3 
700 1 |a Бабенко  |b С. А.  |c химик-технолог  |c доцент Томского политехнического университета  |f 1926-  |g Сергей Александрович  |3 (RuTPU)RU\TPU\pers\28899 
701 1 |a Семакина  |b О. К.  |c химик-технолог  |c доцент Томского политехнического университета, кандидат технических наук  |f 1955-  |g Ольга Константиновна  |3 (RuTPU)RU\TPU\pers\26289 
701 1 |a Майкова  |b Л. К.  |g Людмила Константиновна 
712 0 2 |a Томский политехнический университет (ТПУ)  |c (1991- )  |3 (RuTPU)RU\TPU\col\376 
801 1 |a RU  |b 63413507  |c 20090818 
801 2 |a RU  |b 63413507  |c 20160926  |g RCR 
942 |c BK